| 000 | 01253nam a2200349 a 4500 | ||
|---|---|---|---|
| 003 | CHAP | ||
| 005 | 20220817044108.0 | ||
| 008 | 060421d20054 mx 00010 spa d | ||
| 010 | _a92059 | ||
| 011 | _a93031 | ||
| 020 | _a9680201155 | ||
| 035 | _a103602 | ||
| 040 | _cCHAP | ||
| 090 | _aCD-191 | ||
| 110 | 0 |
_aPrograma Iberoamericano de Ciencia y Tecnología para el Desarrollo. España _992319 |
|
| 245 | 1 | 3 |
_aLa comercialización de los productos de pequeños rumiantes y camélidos sudamericanos (disco compacto) : _bmemoria _c/por Programa Iberoamericano de Ciencia y Tecnología para el Desarrollo |
| 260 |
_aMéxico, D. F. : _bCiencia y Tecnología para el Desarrollo, _c2004. |
||
| 300 |
_a1 disco compacto _c4 3/4 plgs. |
||
| 590 |
_aBATCH-UPD _b10 _c20130110 _lUCH01 _h1814 |
||
| 590 |
_aBATCH-UPD _b10 _c20130410 _lUCH01 _h1149 |
||
| 590 |
_aBATCH-UPD _b10 _c20130914 _lUCH01 _h0907 |
||
| 590 |
_aCONVERSION _b10 _c20130109 _lUCH01 _h1351 |
||
| 650 | 1 | 4 |
_aCamellos. _917830 |
| 650 | 1 | 4 |
_aGanado cabrío. _944988 |
| 650 | 1 | 4 |
_aGanado lanar. _945150 |
| 650 | 1 | 4 |
_aProductos pecuarios _xMercadeo. |
| 650 | 1 | 4 |
_aRumiantes. _9100840 |
| 901 | _aBK | ||
| 905 | _aLilia | ||
| 942 | _cCD | ||
| 949 |
_aCD-191 _bBC _cCD _d33724000984605 _eCD _i103602 _sb |
||
| 999 |
_c92059 _d92059 |
||